00314nam a22001097a 4500008004100000020001500041082001600056100002100072245006300093260003900156300000900195230620b xxu||||| |||| 00| 0 eng d a0472655000 a323.49bMIL cArthur R. Miller aThe Assault on PrivacybComputers, data Banks and Dossiers aUSAbUniversity of Michigan c1971 a333p